VA education benefits : student characteristics and outcomes vary across schools : report to congressional requesters.

Bibliographic Details
Format: Government Document eBook
Language:English
Published: [Washington, D.C.] : United States Government Accountability Office, 2013.
Subjects:
Online Access:https://purl.fdlp.gov/GPO/gpo41098
http://purl.fdlp.gov/GPO/gpo41098

MARC

Tag First Indicator Second Indicator Subfields
LEADER 00000cam a2200000 i 4500
001 in00003425708
005 20210312122654.0
006 m o d f
007 cr m||||||||||
008 131104s2013 dcua ob f000 0 eng c
035 |a (OCoLC)ocn862075998 
042 |a pcc 
043 |a n-us--- 
040 |a GPO  |b eng  |e rda  |e pn  |c GPO  |d MvI 
049 |a WWW 
074 |a 0546-D (online) 
086 0 |a GA 1.13:GAO-13-567 
088 |a GAO-13-567 
110 1 |a United States.  |b Government Accountability Office,  |e issuing body. 
245 1 0 |a VA education benefits :  |b student characteristics and outcomes vary across schools : report to congressional requesters. 
246 3 |a Department of Veterans Affairs education benefits :  |b student characteristics and outcomes vary across schools 
246 3 0 |a Student characteristics and outcomes vary across schools 
264 1 |a [Washington, D.C.] :  |b United States Government Accountability Office,  |c 2013. 
300 |a 1 online resource (iii, 42 pages) :  |b color illustrations 
336 |a text  |2 rdacontent 
337 |a computer  |2 rdamedia 
338 |a online resource  |2 rdacarrier 
500 |a Title from title screen (viewed Oct. 31, 2013). 
500 |a "July 2013." 
504 |a Includes bibliographical references. 
500 |a "GAO-13-567." 
610 1 0 |a United States.  |b Department of Veterans Affairs  |x Appropriations and expenditures. 
650 0 |a Veterans  |x Education  |z United States. 
650 0 |a Veterans  |x Training of  |z United States. 
650 0 |a Federal aid to education  |z United States. 
856 4 0 |u https://purl.fdlp.gov/GPO/gpo41098  |t 0 
856 4 0 |u http://purl.fdlp.gov/GPO/gpo41098  |t 0 
999 f f |s 356d34dc-3c06-3591-b4c9-76f1b0555327  |i cd26f2b3-505a-3c99-b022-51a85960f707  |t 0 
952 f f |a Texas A&M University  |b College Station  |c Electronic Resources  |d Available Online  |t 0  |e GA 1.13:GAO-13-567  |h Superintendent of Documents classification 
998 f f |a GA 1.13:GAO-13-567  |t 0  |l Available Online